Catalogue de la Bibliothèque de l'ENSA

Les plantes de terre de bruyére (notice nᵒ 11652)

détails MARC
000 -LEADER
fixed length control field 00440nam a2200181Ia 4500
008 - FIXED-LENGTH DATA ELEMENTS--GENERAL INFORMATION
fixed length control field 160105s9999 xx 000 0 und d
020 ## - INTERNATIONAL STANDARD BOOK NUMBER
International Standard Book Number 0-07-111675-3%0-07-111676-3
041 ## - LANGUAGE CODE
Language code of text/sound track or separate title fre
245 ## - TITLE STATEMENT
Title Les plantes de terre de bruyére
260 ## - PUBLICATION, DISTRIBUTION, ETC.
Place of publication, distribution, etc Paris
260 ## - PUBLICATION, DISTRIBUTION, ETC.
Name of publisher, distributor, etc Larousse
260 ## - PUBLICATION, DISTRIBUTION, ETC.
Date of publication, distribution, etc 1988
300 ## - PHYSICAL DESCRIPTION
Other physical details ill., tabl.
654 ## - SUBJECT ADDED ENTRY--FACETED TOPICAL TERM
General subdivision PLANTE DE CULTURE/CALLUNA VULGARIS
942 ## - ADDED ENTRY ELEMENTS (KOHA)
Koha item type Ouvrage
994 ## -
-- 111799

Pas d'exemplaire disponible.

Adresse: Ecole Nationale Supérieure Agronomique Hassen Badi - El Harrach Alger, Algérie

Tél +213 (0) 23 82 85 07+213 (0) 23 82 85 12 Fax +213 23 82 85 03/04 Courriel: bibliotheque@edu.ensa.dz